| 000 | 01164nam a2200325 i 4500 | ||
|---|---|---|---|
| 001 | 91825 | ||
| 003 | ES-MaACL | ||
| 005 | 20250728062605.0 | ||
| 007 | t| | ||
| 008 | 050222s2004 sp ||||1| spa d | ||
| 020 | _a84-7476-367-3 | ||
| 080 | _a1 Habermas, Jürgen | ||
| 080 | _a75 Picasso, Pablo. Guernica | ||
| 080 | _a323.17(460.15) | ||
| 080 | _a316.45 | ||
| 100 | 1 |
_aRodríguez Fouz, Marta. _998528 |
|
| 245 | 1 | 4 |
_aLos retos de la identidad _b: Jürgen Habermas y la memoria del Guernica / _cMarta Rodríguez Fouz. |
| 250 | _a1ª ed. | ||
| 260 |
_aMadrid : _bCentro de Investigaciones Sociológicas : _bSiglo XXI de España, _c2004. |
||
| 300 |
_aXXII, 537 p. : _bil. ; _c21 cm. |
||
| 490 | 1 |
_aMonografías ; _v208 |
|
| 504 | _aBibliografía: p. 407-505. | ||
| 600 | 1 | 4 |
_aHabermas, Jürgen- _xCrítica e interpretación. _961377 |
| 600 | 1 | 4 |
_aPicasso, Pablo, _d1881-1973. _tGuernica _991799 |
| 650 | 4 |
_aNacionalismo- _zPaís Vasco. _915458 |
|
| 650 | 1 | 4 |
_aIdentidad colectiva. _913526 |
| 830 | 0 | 0 |
_aMonografías (Centro de Estudios Benaventanos "Ledo del Pozo") _v208 _9177262 |
| 852 |
_aES-MaACL _jL-28861 _bR.135212 |
||
| 999 |
_c91825 _d91825 |
||